000 00803cab a2200241 4500
001 ABS53059
008 090401t1995 xxu||||| |||| 00| 0 eng d
035 _a(Sirsi) u1650
041 _aeng
100 _aWoods, A.
245 _aTougher line on `green lanes`
260 _c1995
350 _a0
490 _aCountry Landowner
_vJune 1995 , 24-25(2)
520 _aOutlines past and present initiatives aimed at protecting unsurfaced highways which carry public vehicular rights (Green Lanes) from environmental damage caused by four-wheel-drive vehicles.
650 _aBYWAYS OPEN TO ALL TRAFFIC
650 _aFOUR-WHEEL DRIVE VEHICLES
650 _aGREEN LANES
650 _aROADS USED AS PUBLIC PATHS
690 _aHIGHWAYS RIGHTS OF WAY AND EASEMENTS
942 _n0
948 _c04/03/1997
999 _c939
_d939